Southville International School and Colleges
Your cart is empty.
  • Cart
  • Lists
    Public lists Eva Luna New books Lux_list list_1
    Your lists Log in to create your own lists
  • Log in to your account
  • Your cookies
  • Search history
Southville International School and Colleges
  • Advanced search
  • Recent comments
  • Most popular
  • Libraries

Log in to your account

Log in with GOOGLE


If you do not have an external account, but do have a local account, you can still log in:

  1. Home
  2. MARC view: Drills and exercises for intensive english
Normal view MARC view ISBD view

Drills and exercises for intensive english (Record no. 365626)

[ view plain ]
MARC details
000 -LEADER
fixed length control field 00582nam a22001817a 4500
003 - CONTROL NUMBER IDENTIFIER
control field 0
005 - DATE AND TIME OF LATEST TRANSACTION
control field 20231117143655.0
008 - FIXED-LENGTH DATA ELEMENTS--GENERAL INFORMATION
fixed length control field 231117b xxu||||| |||| 00| 0 eng d
020 ## - INTERNATIONAL STANDARD BOOK NUMBER
International Standard Book Number 978-621-4182-74-9
050 ## - LIBRARY OF CONGRESS CALL NUMBER
Classification number PE 1130
Item number .J67 2023
100 ## - MAIN ENTRY--PERSONAL NAME
Personal name Josue, Marshall Felix L.
245 ## - TITLE STATEMENT
Title Drills and exercises for intensive english
Statement of responsibility, etc Marshall Felix L. Josue
260 ## - PUBLICATION, DISTRIBUTION, ETC. (IMPRINT)
Place of publication, distribution, etc Quezon City
Name of publisher, distributor, etc Wiseman's Book Trading, Inc.
Date of publication, distribution, etc c2023.
300 ## - PHYSICAL DESCRIPTION
Extent vii, 180 pages ;
Dimensions 23 cm.
504 ## - BIBLIOGRAPHY, ETC. NOTE
Bibliography, etc Includes bibliographical references.
650 ## - SUBJECT ADDED ENTRY--TOPICAL TERM
Topical term or geographic name as entry element English language--textbooks.
942 ## - ADDED ENTRY ELEMENTS (KOHA)
Source of classification or shelving scheme Library of Congress Classification
Koha item type Books
Holdings
Withdrawn status Lost status Source of classification or shelving scheme Damaged status Home library Current library Shelving location Date acquired Source of acquisition Sub Shelving location Total Checkouts Full call number Barcode Date last seen Price effective from Koha item type
    Library of Congress Classification   College Library College Library Filipiniana Section 11/17/2023 Library Fund     PE 1130 .J67 2023 C23137 11/17/2023 11/17/2023 Books

Drills and exercises for intensive english

APA

Josue M. F. L., . (2023). Drills and exercises for intensive english. Quezon City: Wiseman's Book Trading, Inc.

Chicago

Josue Marshall Felix L, . 2023. Drills and exercises for intensive english. Quezon City: Wiseman's Book Trading, Inc.

Harvard

Josue M. F. L., . (2023). Drills and exercises for intensive english. Quezon City: Wiseman's Book Trading, Inc.

MLA

Josue Marshall Felix L, . Drills and exercises for intensive english. Quezon City: Wiseman's Book Trading, Inc. 2023.

  • Place hold
  • Print
  • Cite
  • Add to your cart (remove)
  • Save record
    BIBTEX Dublin Core MARCXML MARC (non-Unicode/MARC-8) MARC (Unicode/UTF-8) MARC (Unicode/UTF-8, Standard) MODS (XML) RIS
  • More searches
    Search for this title in:
    Other Libraries (WorldCat) Other Databases (Google Scholar) Online Stores (Bookfinder.com) Open Library (openlibrary.org)

Exporting to Dublin Core...

SOUTHVILLE LIBRARY

Southville International School and Colleges Library

1281 Tropical Ave. Cor. Luxembourg St., BF Homes International, Las Pinas City

Tel. No. 8256374 / 252358 Loc. 117/146

Powered by Koha